The grateful monkey

Bibliographic Details
Main Author: Kelembai
Format: Book
Published: P.Jaya : Eddiplax , 1995
Series:Warga rimba series
Subjects:

MARC

LEADER 00000cam a2200000 7i4500
001 0000006216
002 000006707
005 20000330.0
020 |a 9838802077 
090 0 0 |a JF   |b KEL 
100 0 |a Kelembai 
245 1 4 |a The grateful monkey   |c Story & illustration by Kelembai 
260 |b P.Jaya :   |b Eddiplax ,   |c 1995 
300 |a 23p. :   |b ill ;   |c 24cm. 
490 0 |a Warga rimba series 
650 0 0 |a Children's stories 
999 |a 038639   |b BUKU   |c JUNIOR FICTION   |e PERPUSTAKAAN KOMUNITI PETALING JAYA 
999 |a 038641   |b BUKU   |c JUNIOR FICTION   |e PERPUSTAKAAN KOMUNITI PETALING JAYA